书目信息 |
| 题名: |
有心育苗苗更壮
|
|
| 作者: | ;《看图说话》编辑部 编 | |
| 分册: | ||
| 出版信息: | 上海 上海教育出版社 1979 |
|
| 页数: | 66页 | |
| 开本: | 19cm | |
| 丛书名: | ||
| 单 册: | ||
| 中图分类: | G61 | |
| 科图分类: | ||
| 主题词: | 学前教育:家庭教育 , 家庭教育:学前教育 , 教育--各级 | |
| 电子资源: | ||
| ISBN: | ||
| 000 | 00793nam0 2200253 45 | |
| 001 | 0179005038 | |
| 005 | 20060519111804.79 | |
| 010 | @dCNY0.19 | |
| 091 | @a7150.2216 | |
| 100 | @a19950716d1979 em y0chiy0121 ea | |
| 101 | 0 | @achi |
| 102 | @aCN@b310000 | |
| 105 | @af z 000yy | |
| 200 | 10 | @a有心育苗苗更壮@Ayou xin yu miao miao geng zhuang@e幼儿家庭教育随感@f《看图说话》编辑部编@F《kan tu shuo hua》bian ji bu bian |
| 210 | @a上海@c上海教育出版社@d1979 | |
| 215 | @a66页@c图@d19cm | |
| 517 | 1 | @a幼儿家庭教育随感@Ayou er jia ting jiao yu sui gan |
| 606 | @a学前教育:家庭教育 | |
| 606 | @a家庭教育:学前教育 | |
| 606 | 0 | @a教育@x各级 |
| 690 | @aG61 | |
| 711 | 0 | @a《看图说话》编辑部@A《kan tu shuo hua》bian ji bu@4编 |
| 801 | 0 | @aCN@bNLC@c20060519 |
| 905 | @f1@b32240@dG61@e11 | |
| 有心育苗苗更壮:幼儿家庭教育随感/《看图说话》编辑部编.-上海:上海教育出版社,1979 |
| 66页:图;19cm |
| ISBN :CNY0.19 |
| ● |
| 相关链接 |
|
|
|
|
正题名:有心育苗苗更壮
索取号:G61/11
 
预约/预借
| 序号 | 登录号 | 条形码 | 馆藏地/架位号 | 状态 | 备注 |
| 1 | 0032239 | 000464811 | 第一样本阅览室/ [索取号:G61/11] | 在馆 | |
| 2 | 0032240 | 000465008 | 密集书库/ [索取号:G61/11] | 在馆 | |
| 3 | 0032241 | 202365840 | 密集书库/ [索取号:G61/11] | 在馆 |